Interactive serious game to support learning al-Quran for children with low-functioning autism /
Saved in:
| 主要作者: | |
|---|---|
| 格式: | Thesis 圖書 |
| 語言: | English |
| 出版: |
2016.
|
| 主題: | |
| 標簽: |
添加標簽
沒有標簽, 成為第一個標記此記錄!
|
| LEADER | 01285cam a2200313 i 4500 | ||
|---|---|---|---|
| 001 | u1076643 | ||
| 003 | SIRSI | ||
| 005 | 201803061145 | ||
| 008 | 180306s2016 my a m 000 0 eng | ||
| 040 | |a UMM |e rda | ||
| 090 | |a QA76 |b UM 2016 Nurnk | ||
| 100 | 0 | |a Nurul Nadhrah Kamaruzaman, |e author. | |
| 245 | 1 | 0 | |a Interactive serious game to support learning al-Quran for children with low-functioning autism / |c Nurul Nadhrah Binti Kamaruzaman. |
| 264 | 1 | |c 2016. | |
| 300 | |a xv, 159 leaves : |b illustrations ; |c 30 cm. | ||
| 336 | |a text |2 rdacontent | ||
| 337 | |a unmediated |2 rdamedia | ||
| 338 | |a volume |2 rdacarrier | ||
| 502 | |b M.Comp.Sc. |c Jabatan Sistem Kejuruteraan Perisian, Fakulti Sains Komputer dan Teknologi Maklumat, universiti Malaya |d 2017. | ||
| 504 | |a Bibliography: leaves 118-128. | ||
| 630 | 0 | 0 | |a al-Qur'an |x Study and teaching. |
| 650 | 0 | |a Interactive multimedia. | |
| 650 | 0 | |a Autistic children |x Education. | |
| 650 | 0 | |a Educational games |x Computer games. | |
| 650 | 0 | |a Computer games |x Design |x Computer programs. | |
| 710 | 2 | |a Universiti Malaya. |b Jabatan Kejuruteraan Perisian, |e degree granting institution. | |
| 596 | |a 1 | ||
| 900 | |a NSR NSM | ||
| 999 | |a QA76 UM 2016 NURNK |w LC |c 1 |i A517076761 |d 28/3/2018 |f 28/3/2018 |g 1 |l STACKS |m P01UTAMA |r Y |s Y |t TESIS |u 28/3/2018 |1 STEM | ||
